Numbers in Esperanto - Statistics

General Stats
  • This quiz has been taken 150 times
  • The average score is 10 of 12
Answer Stats
Digits Number name % Correct
2 du
97%
3 tri
93%
1 unu
93%
4 kvar
89%
7 sep
82%
8 ok
81%
10 dek
80%
5 kvin
79%
6 ses
78%
1000 mil
76%
100 cent
74%
9 naŭ
73%
No matching quizzes found
Score Distribution
Percent of People with Each Score
Percentile by Number Answered
Your Score History
You have not taken this quiz